000 00457nmm a2200169Ia 4500
008 251105s9999||||xx |||||||||||||||||und||
020 _a9788490079010
041 _aspa
100 _aPalma, Ricardo
245 0 _aTradiciones limeñas
264 _a[Madrid, España] :
_bLinkgua,
_c2016
300 _a160 páginas
490 _aHistoria
650 _aLatin American literature
856 _uhttps://public.digitaliapublishing.com/a/48736
942 _cCF
999 _c87364
_d87364